00821nam a2200241 i 4500001000700000003000900007005001700016007000300033008004100036080000900077080003100086100002200117245016300139260003000302300002800332490003500360500001400395600003000409650002200439700004700461830003200508852003900540176019ES-MaACL20250830062807.0t|101210s1964 sp ||||1| spa d a2-12 a2 Tomás de Aquino, Santo1 aLafont, Ghislain.10aEstructuras y método en la Suma Teológica de Santo Tomás de Aquino /cGhislain Lafont ; traducción, prólogo y notas de Nicolás López Martínez. aMadrid : bRialp, c1964. aXXVI, 542 p. ; c23 cm.1 aBiblioteca de Teología ; v2 aÍndice.04aTomás de Aquino,cSanto07aTeología2embne1 aLópez Martínez, Nicolás, d1925-200600aBiblioteca de teologíav2 aES-MaACLjE-13751 xOlim P-316-Ter